Представление документа в формате MARC21

Поле Инд. ПП Название Значение
Тип записи a
Библиографический уровень m
001 Контрольный номер e536beb7-89e4-44a2-8f5b-30f4820ebeba
005 Дата корректировки 20140703124012.5
008 Кодируемые данные 040218
020 a ISBN 5-7729-0138-9
c Цена, тираж 187.00
040 a Служба первич. каталог. НБ ТвГУ
041 a Код языка текста rus
080 a Индекс УДК 159.9:331(075.8)Ю9я73-1
084 a Индекс другой классификации/Индекс ББК Ю9я73
a Индекс другой классификации/Индекс ББК Ю936.1я73
090 a Полочн. индекс Ю9
x Авторский знак А40
245 10 a Заглавие Акмеология
b Продолж. заглавия учебник
c Ответственность под общ. ред. А. А. Деркача ; РАГС при Президенте РФ, Междунар. акмеол. ин-т
260 0_ a Место издания Москва
b Издательство Российская академия государственной службы
c Дата издания 2002
300 a Объем 678 с.
440 _0 a Серия Учебники Российской академии государственной службы при Президенте РФ
504 a Библиография Библиогр. в конце разд.
a Библиография Библиогр. в подстроч. примеч.
583 a Действие Получение впервые 74 17.02.2004
k Исполнитель действия Дар ОАО "Квартал"
583 a Действие Приписка 89 26.02.2004
k Исполнитель действия ООО "Кроун"
583 a Действие Приписка 174 09.07.2007
k Исполнитель действия Дар ООО "Кроун"
650 a Основная рубрика Акмеология
x Основная подрубрика Учебники для вузов
650 a Основная рубрика Деятельность
650 a Основная рубрика Труд
x Основная подрубрика Мастерство
x Основная подрубрика Психология
653 a Ключевые слова Акмеология
a Ключевые слова Деятельность
a Ключевые слова Профессионализм
a Ключевые слова Профессиональное мастерство
a Ключевые слова Психология труда
700 1_ a Другие авторы Абульханова Ксения Александровна
q Полное имя Абульханова, К. А.
700 1_ a Другие авторы Анисимов О. С.
700 1_ a Другие авторы Асеев В. Г.
700 1_ a Другие авторы Бодалев А. А.
700 1_ a Другие авторы Деркач Анатолий Алексеевич
e Роль лиц авт., ред.
852 t Порядковый номер экземпляра 2
p Инвентарный номер 777948
p Инвентарный номер 777949
852 t Порядковый номер экземпляра 2
p Инвентарный номер 777950
p Инвентарный номер 777951
852 t Порядковый номер экземпляра 3
p Инвентарный номер 778836 91.30
p Инвентарный номер 778838 91.30
p Инвентарный номер 778837 91.30
852 t Порядковый номер экземпляра 1
p Инвентарный номер 879282 217.00
863 t 10690000001798
863 t 10690000001797
863 t 00174100
863 t 00028158
863 t 00028157
863 t 00028156
888 a Бесплатные
a За счет средств университета
930 a Новая/Ретро учебники
952 p 74.2004 187.00 1 777948
p 74.2004 187.00 1 777949
p 74.2004 187.00 1 777950
p 74.2004 187.00 1 777951
p 89.2004 91.30 1 778836
p 89.2004 91.30 1 778837
p 89.2004 91.30 1 778838
p 174.2007 217.00 1 879282
c Вид литературы К ру
954 a Дата поступления на обработку 20040301
999 a Подразделение 2 аб.
a Подразделение 2 ч.з.
a Подразделение 2 Фил3
a Подразделение 2 Фил1